Dante, Hobbes és Vico gondolatainak egysége a retorikai tradícióban

Elmentve itt :
Bibliográfiai részletek
Szerző: Nagy József
Adatforrás:Philobibl
Forrásdokumentuma:Világosság
44.2003:11-12. 243-250. p.
Dokumentumtípus: Cikk
Nyelv:magyar
Kulcsszavak:retorika
Megjelent: 2003
LEADER 00368nab a2200121 c 4500
001 bibPHI0030267
005 20200924122705.5
008 070322s2003 xx hun
100 1 |a Nagy József 
245 1 0 |a Dante, Hobbes és Vico gondolatainak egysége a retorikai tradícióban  |c Nagy József 
260 |c 2003 
695 |a retorika 
773 0 |t Világosság  |g 44.2003:11-12. 243-250. p.